| 000 | 00797cam a22002774a 4500 | ||
|---|---|---|---|
| 999 |
_c26600 _d26600 |
||
| 001 | YPZ96948 | ||
| 003 | YPZ | ||
| 005 | 20220705090348.0 | ||
| 008 | 130222|###########||||||b||||||||||spa|d | ||
| 020 | _a9788480868624 | ||
| 040 |
_cSIUNPA _aSIUNPA _bspa _eAACR2 |
||
| 041 | _aspa | ||
| 044 | _asp | ||
| 080 | _a616-053.2 A283tr2 | ||
| 100 | _aAguilar Cordero, María José. | ||
| 245 |
_aTratado de enfermería del niño y el adolescente _b: cuidados pediátricos _c/ María José Aguilar Cordero |
||
| 260 |
_aMadrid _b : Elsevier _c , 2012 |
||
| 300 |
_axiii, 465 p. _b: il. |
||
| 650 | _a SERVICIOS DE ENFERMERIA | ||
| 650 | _a NIÑOS | ||
| 650 | _a ADOLESCENTES | ||
| 650 | _a DESARROLLO DEL NIÑO | ||
| 650 | _a PEDIATRIA | ||
| 650 | _a PRACTICAS DE ENFERMERIA | ||
| 942 |
_cBK _2udc |
||